Online
Catalog

Diferencias personales? : (Record no. 25292)

MARC details
000 -CABECERA
campo de control de longitud fija 00822nam a2200229 a 4500
001 - NÚMERO DE CONTROL
campo de control 000025800
005 - FECHA Y HORA DE LA ÚLTIMA TRANSACCIÓN
campo de control 20200930024047.0
008 - DATOS DE LONGITUD FIJA--INFORMACIÓN GENERAL
campo de control de longitud fija 110222s1984 txu r 000 0 spa d
020 ## - NÚMERO INTERNACIONAL ESTÁNDAR DEL LIBRO
Número Internacional Estándar del Libro 0311460984
040 ## - FUENTE DE LA CATALOGACIÓN
Centro catalogador/agencia de origen DO-SdBNP
Lengua de catalogación spa
Centro/agencia transcriptor BNPHU
041 17 - CÓDIGO DE LENGUA
Código de lengua del texto/banda sonora o título independiente spa
Código de lengua original eng
Fuente del código Código de idioma MARC
082 ## - NÚMERO DE LA CLASIFICACIÓN DECIMAL DEWEY
Número de clasificación NNN
Número de documento/Ítem A921d
049 ## - FONDOS LOCALES (OCLC)
Fondos de biblioteca BNGR
100 1# - ENTRADA PRINCIPAL--NOMBRE DE PERSONA
Nombre de persona Augsburger, David
9 (RLIN) 52610
240 10 - TÍTULO UNIFORME
Título uniforme Caring enough to confront.
Lenguaje de la obra Español.
245 10 - MENCIÓN DE TÍTULO
Título Diferencias personales? :
Resto del título enfrentelas con amor! /
Mención de responsabilidad, etc. David Augsburger ; versión castellana de Alfonso Olmedo.
260 ## - PUBLICACIÓN, DISTRIBUCIÓN, ETC.
Lugar de publicación, distribución, etc. El Paso, Texas :
Nombre del editor, distribuidor, etc. Mundo Hispano,
Fecha de publicación, distribución, etc. 1984.
300 ## - DESCRIPCIÓN FÍSICA
Extensión 151, [8] p. ;
Dimensiones 18 cm.
500 ## - NOTA GENERAL
Nota general Incluye referencias bibliográficas (p. 153)
534 ## - NOTA SOBRE LA VERSIÓN ORIGINAL
Encabezamiento principal del original título original en inglés confront.
Mención de título del original Caring enough to confront.
700 1# - PUNTO DE ACCESO ADICIONAL--NOMBRE DE PERSONA
Nombre de persona Olmedo, Alfonso
Término indicativo de función/relación tr.
9 (RLIN) 49465
Holdings
Estado de retiro Estado de pérdida Restricciones de uso No para préstamo Código de colección Localización permanente Ubicación/localización actual Ubicación en estantería Fecha de adquisición Número de inventario Total de préstamos Signatura topográfica completa Código de barras Fecha visto por última vez Precio válido a partir de Tipo de ítem Koha
        Monografías: Libros y Folletos General General En catalogación 22.02.2011 LF1   NNN A921d 25800-10 25.06.2020 25.06.2020 Préstamo en sala

Powered by Koha